000 00342 a2200157 4500
001 161447
020 _a
040 _cMagnum
100 _aBraz, Julio Emilio
240 1 0 _aSujo ! corrupcao no brasil
_lpor
245 1 0 _aSujo ! corrupcao no brasil
362 0 _a1899
440 1 _aFTD
697 _aJ/SOCIEDADE, COTIDIANO
942 _cBK
999 _c161447
_d161447